000 00737nam a2200265 i 4500
001 18354
003 DO-SdUEMH
005 20260122162454.0
007 ta
008 260122s2023 mx a|||gr|||| 00| 0 spa d
020 _a9781264268498
040 _aDO-SdUEMH
_bspa
_erda
041 _aspa
082 1 4 _mCG
_bL879
100 1 _eaut
245 _aHarrison: principios de medicina interna /
_cJoseph Loscalzo
250 _aVigésimo primero
264 1 _aCiudad de México, México ;
_bMcGraw-Hill LLC.
_c2023
264 4 _c©2023
300 _axi, 2,030 páginas :
_bilustraciones ;
_c28 cm.
336 _2rdacontent
_atexto
_btxt
337 _2rdamedia
_asin mediación
_bn
338 _2rdacarrier
_avolumen
_bnc
942 _2ddc
_cBK
_n0
999 _c18354
_d18354